| 000 | 00993nam a22002057a 4500 | ||
|---|---|---|---|
| 999 |
_c2474 _d2474 |
||
| 003 | AR-CdUCM | ||
| 008 | 190304b ||||| |||| 00| 0 spa d | ||
| 040 |
_aMUNICIPALIDAD PROVINCIAL DEL CUSCO _cBIBLIOTECA MUNICIPAL DEL CUSCO |
||
| 082 |
_a355.430 / _bK26 |
||
| 100 |
_aKaufmann, William W. _98833 |
||
| 245 |
_aLa estrategia de McNamara : _banálisis completo del papel de Robert S. NcNamara en uno de los cargos de mayor expectación pública al servicio del gobierno norteamericano / |
||
| 260 |
_aBuenos Aires : _bSopena Argentina, _c1967. |
||
| 300 |
_a293 páginas ; _c22 cm. |
||
| 505 | _aContenido: Predulio de la revolución -- La busqueda de opciones -- Diálogo con la OTAN -- La visión a largo plazo -- Costo y efectividad -- Controversias en el capitolio -- Pruebas de efectividad -- Agendas práctica. | ||
| 650 |
_a Department of Defense. Estados Unidos _98834 |
||
| 650 |
_aPolítica militar _98565 |
||
| 650 |
_aEstados Unidos _91805 |
||
| 942 |
_2ddc _cLIBROS |
||
| 945 | _azta | ||